Физика. Полный курс: примеры, задачи, решения: учебник; пер. с англ.

Dades bibliogràfiques
Autor principal: Орир Дж. Джей
Sumari:Книга известного физика из США Дж. Орира представляет собой один из наиболее удачных в мировой литературе вводных курсов по физике, охватывающих диапазон от физики как школьного предмета до доступного описания ее последних достижений. Эта книга занимает почетное место на книжной полке уже нескольких поколений российских физиков, причем для данного издания книга существенно дополнена и осовременена. Автор книги — ученик выдающегося физика XX века, Нобелевского лауреата Э. Ферми — в течение многих лет читал свой курс студентам Корнельского университета. Этот курс может служить полезным практическим введением к широко известным в России «Фейнмановским лекциям по физике» и «Берклиевскому курсу физики». По своему уровню и содержанию книга Орира доступна уже школьникам старших классов, но может представлять интерес и для студентов, аспирантов, преподавателей, а также всех тех, кто желает не просто систематизировать и пополнить свои знания в области физики, но и научиться успешно решать широкий класс физических задач.
Idioma:rus
Publicat: Москва, Университет, 2011
Matèries:
Format: MixedMaterials Llibre
KOHA link:https://koha.lib.tpu.ru/cgi-bin/koha/opac-detail.pl?biblionumber=151801

MARC

LEADER 00000nam0a2200000 4500
001 151801
005 20231101221603.0
010 |a 9785982273666 
035 |a (RuTPU)RU\TPU\book\164580 
090 |a 151801 
100 |a 20090127d2011 m y0rusy50 ca 
101 1 |a rus  |c eng 
102 |a RU 
105 |a a j 001zy 
200 1 |a Физика. Полный курс: примеры, задачи, решения  |e учебник  |e пер. с англ.  |f Дж. Орир 
210 |a Москва  |c Университет  |d 2011 
215 |a 752 с.  |c ил. 
320 |a Указатель: с. 746-752. 
330 |a Книга известного физика из США Дж. Орира представляет собой один из наиболее удачных в мировой литературе вводных курсов по физике, охватывающих диапазон от физики как школьного предмета до доступного описания ее последних достижений. Эта книга занимает почетное место на книжной полке уже нескольких поколений российских физиков, причем для данного издания книга существенно дополнена и осовременена. Автор книги — ученик выдающегося физика XX века, Нобелевского лауреата Э. Ферми — в течение многих лет читал свой курс студентам Корнельского университета. Этот курс может служить полезным практическим введением к широко известным в России «Фейнмановским лекциям по физике» и «Берклиевскому курсу физики». По своему уровню и содержанию книга Орира доступна уже школьникам старших классов, но может представлять интерес и для студентов, аспирантов, преподавателей, а также всех тех, кто желает не просто систематизировать и пополнить свои знания в области физики, но и научиться успешно решать широкий класс физических задач. 
606 1 |a Физика  |2 stltpush  |3 (RuTPU)RU\TPU\subj\63709  |9 80688 
610 1 |a одномерное движение 
610 1 |a двумерное движение 
610 1 |a динамика 
610 1 |a гравитация 
610 1 |a работа 
610 1 |a энергия 
610 1 |a закон сохранения энергии 
610 1 |a релятивистская динамика 
610 1 |a вращательное движение 
610 1 |a колебательное движение 
610 1 |a кинетическая теория 
610 1 |a термодинамика 
610 1 |a второй закон термодинамики 
610 1 |a электростатическая сила 
610 1 |a электростатика 
610 1 |a электрический ток 
610 1 |a магнитная сила 
610 1 |a магнитные поля 
610 1 |a электромагнитная индукция 
610 1 |a электромагнитное излучение 
610 1 |a электромагнитные волны 
610 1 |a интерференция 
610 1 |a оптика 
610 1 |a волновая теория 
610 1 |a квантовая механика 
610 1 |a атомы 
610 1 |a водород 
610 1 |a атомная физика 
610 1 |a конденсированные среды 
610 1 |a ядерная физика 
610 1 |a астрофизика 
610 1 |a элементарные частицы 
610 1 |a гравитация 
610 1 |a космология 
610 1 |a упражнения 
610 1 |a задачи 
610 1 |a примеры 
610 1 |a решения 
610 1 |a учебники 
675 |a 53(07)  |v 3 
700 1 |a Орир  |b Дж.  |g Джей 
801 1 |a RU  |b 63413507  |c 20090127  |g PSBO 
801 2 |a RU  |b 63413507  |c 20150702  |g RCR 
900 |a Общая физика 
942 |c BK 
959 |a 12/20090126  |d 1  |e 0  |f ЧЗТЛ:1 
959 |a 53/20100827  |d 5  |e 0  |f АНЛ:1  |f ЧЗТЛ:1  |f УФ:3 
959 |a 90/20101213  |d 10  |e 0  |f ЧЗТЛ:1  |f УФ:9